Ochrana všeobecných osobnostních práv v České republice
Ochrana všeobecných osobnostných práv v Českej republike, ktorá sa týka výlučne práv fyzických osôb. Rozsah a obsah práva na ochranu osobnosti.
Salvato in:
| Autore principale: | |
|---|---|
| Natura: | Capitolo di libro |
| Lingua: | ceco |
| Soggetti: | |
| Tags: |
Nessun Tag, puoi essere il primo ad aggiungerne!!
|
MARC
| LEADER | 00000naa$a2200000$$$4500 | ||
|---|---|---|---|
| 001 | 0075996 | ||
| 005 | 20231102092253.2 | ||
| 041 | 0 | |a cze | |
| 044 | |a SK | ||
| 245 | 1 | 0 | |a Ochrana všeobecných osobnostních práv v České republice |c Jan Matejka |
| 520 | |a Ochrana všeobecných osobnostných práv v Českej republike, ktorá sa týka výlučne práv fyzických osôb. Rozsah a obsah práva na ochranu osobnosti. | ||
| 610 | 2 | 0 | |a Česko |
| 610 | 2 | 0 | |a osoby fyzické |
| 610 | 2 | 0 | |a ochrana osobnosti |
| 610 | 2 | 0 | |a zákonník občiansky |
| 100 | 1 | |a Matejka, Jan | |